Les films dans lesquels a joué Dustin Hoffman - Statistiques

Statistiques générales
  • Ce quiz a été pris 10 fois
  • Le résultat moyen est 6 sur 57
Statistiques - réponses
Année de sortie Film % Correct
1967 Le Lauréat
80%
1988 Rain Man
80%
1970 Little Big Man
70%
1976 Marathon Man
60%
1979 Kramer contre Kramer
50%
1976 Les Hommes du président
50%
1969 Macadam Cowboy
40%
1973 Papillon
30%
1982 Tootsie
30%
1971 Les Chiens de paille
20%
2004 Mon beau-père, mes parents et moi
20%
1991 Hook ou la Revanche du capitaine Crochet
10%
2008 Le Merveilleux Magasin de Mr. Magorium
10%
1974 Lenny
10%
1978 Le Récidiviste
10%
1996 Sleepers
10%
2005 Adieu Cuba
0%
1979 Agatha
0%
1995 Alerte!
0%
1972 Alfredo, Alfredo
0%
1996 American Buffalo
0%
2022 As They Made Us
0%
1991 Billy Bathgate
0%
2014 Chef
0%
2003 Confidence
0%
1997 Des hommes d'influence
0%
2026 Diamond
0%
1990 Dick Tracy
0%
1989 Family Business
0%
1992 Héros malgré lui
0%
1987 Ishtar
0%
2004 J'adore Huckabees
0%
1969 John et Mary
0%
1968 L'Agent américain
0%
2009 Last Chance for Love
0%
2003 Le Maître du jeu
0%
1967 Le Minus se rebiffe
0%
2011 Le Monde de Barney
0%
2006 Le Parfum, histoire d'un meurtrier
0%
2004 Les Désastreuses Aventures des orphelins Baudelaire
0%
2015 Le Virtuose
0%
2025 Le Virtuose
0%
2019 L'Homme du labyrinthe
0%
2006 L'Incroyable Destin de Harold Crick
0%
1997 Mad City
0%
2024 Megalopolis
0%
2010 Mon beau-père et nous
0%
2002 Moonlight Mile
0%
2004 Neverland
0%
1971 Qui est Harry Kellerman ?
0%
2002 Sam & Kate
0%
2014 The Cobbler
0%
2006 The Holiday
0%
2017 The Meyerowitz Stories
0%
2015 The Program
0%
2026 The Revisionist
0%
2026 Tower Stories
0%
Aucun quiz correspondant
Distribution des résultats
% des personnes avec chaque résultat
Percentile par nombre de réponses
Votre historique - résultats
Vous n’avez pas pris ce quiz